[Event "FIDE Open World Blitz 2021"]
[Site "Warsaw"]
[Date "2021.12.29"]
[Round "7.3"]
[White "Svane, Rasmus"]
[Black "Kravtsiv, Martyn"]
[Result "0-1"]
[WhiteElo "2628"]
[BlackElo "2616"]
[Annotator "ChessBase"]
[PlyCount "107"]
[EventDate "2021.12.29"]
[EventType "swiss"]
[EventCountry "POL"]
[Tiebreak "Cut1 Buchholz"]
[SourceTitle "playchess.com"]
[Source "ChessBase"]
[SourceQuality "1"]

1. Nf3 d5 2. g3 c5 3. Bg2 Nf6 4. O-O Nc6 5. d4 cxd4 6. Nxd4 e5 7. Nxc6 bxc6 8.
c4 Be6 9. Nc3 Qd7 10. Qa4 Rc8 11. cxd5 cxd5 12. Qxd7+ Kxd7 13. Rd1 Bc5 14. Na4
h6 15. Nxc5+ Rxc5 16. f4 e4 17. Be3 Rc2 18. Rd2 Rhc8 19. Rxc2 Rxc2 20. Bxa7
Rxe2 21. Bd4 Ng4 22. Bf1 Rd2 23. Bc3 Rc2 24. a4 Nxh2 25. Bg2 Nf3+ 26. Bxf3 exf3
27. Rf1 Rg2+ 28. Kh1 Rxg3 29. a5 Bh3 30. Kh2 Bxf1 31. Kxg3 g5 32. Kxf3 Ke6 33.
fxg5 hxg5 34. b4 Bb5 35. Bd4 Kf5 36. Bb6 f6 37. Bd4 Kg6 38. Bf2 f5 39. Ke3 f4+
40. Kd4 g4 41. Kc5 g3 42. Be1 Be2 43. b5 d4 44. a6 d3 45. b6 d2 46. Bxd2 g2 47.
Be3 Bxa6 48. Bg1 Kf5 49. Kd4 Kg4 50. Ke5 Kg3 51. Ke4 f3 52. Ke3 Bb7 53. Bf2+
Kh2 54. Kd4 0-1

[Event "FIDE Open World Blitz 2021"]
[Site "Warsaw"]
[Date "2021.12.29"]
[Round "7.3"]
[White "Schneider, Ilja"]
[Black "Sankalp, Gupta"]
[Result "0-1"]
[WhiteElo "2486"]
[BlackElo "2323"]
[Annotator "ChessBase"]
[PlyCount "110"]
[EventDate "2021.12.29"]
[EventType "swiss"]
[EventCountry "POL"]
[Tiebreak "Cut1 Buchholz"]
[SourceTitle "playchess.com"]
[Source "ChessBase"]
[SourceQuality "1"]

1. e4 e5 2. Nf3 Nf6 3. Nc3 Nc6 4. d4 exd4 5. Nxd4 Bb4 6. Nxc6 bxc6 7. Bd3 d5 8.
exd5 cxd5 9. O-O O-O 10. h3 h6 11. Qf3 c6 12. Bf4 Re8 13. Na4 Be6 14. Rad1 Bf8
15. b3 c5 16. Rfe1 Rc8 17. Ba6 Rb8 18. Bxb8 Qxb8 19. Bd3 Qb4 20. c3 Qa3 21. Bf5
Qxa2 22. Bxe6 fxe6 23. Rb1 Ne4 24. Qe2 Qxe2 25. Rxe2 Kf7 26. f3 Nf6 27. Ra2 Rb8
28. Kf2 Bd6 29. g4 e5 30. Rd2 Ke6 31. Ke2 e4 32. Rdd1 exf3+ 33. Kxf3 Ne4 34.
Ke2 Rf8 35. c4 d4 36. b4 Rf2+ 37. Kd3 Ke5 38. bxc5 Rf3+ 39. Kc2 Rf2+ 40. Kb3
Bxc5 41. Re1 Rf3+ 42. Ka2 Ra3+ 43. Kb2 Rxa4 44. Ra1 Rxc4 45. Ra6 d3 46. Rg6 d2
47. Rd1 Be3 48. Rxg7 Rc1 49. Re7+ Kf4 50. Rf7+ Kg3 51. Rxd2 Bxd2 52. Rxa7 Rh1
53. Re7 Ng5 54. Rd7 Bf4 55. Rd3+ Nf3 0-1

[Event "FIDE Open World Blitz 2021"]
[Site "Warsaw"]
[Date "2021.12.29"]
[Round "7.4"]
[White "Grischuk, Alexander"]
[Black "Martirosyan, Haik M."]
[Result "1/2-1/2"]
[WhiteElo "2773"]
[BlackElo "2624"]
[Annotator "ChessBase"]
[PlyCount "112"]
[EventDate "2021.12.29"]
[EventType "swiss"]
[EventCountry "POL"]
[Tiebreak "Cut1 Buchholz"]
[SourceTitle "playchess.com"]
[Source "ChessBase"]
[SourceQuality "1"]

1. e4 e5 2. Nf3 Nc6 3. Bb5 Nf6 4. O-O Nxe4 5. d4 Nd6 6. Bxc6 dxc6 7. dxe5 Nf5
8. Qxd8+ Kxd8 9. Nc3 Ke8 10. Ne4 Be7 11. Bf4 Be6 12. g4 Nh4 13. Nxh4 Bxh4 14.
f3 Be7 15. Kg2 Rd8 16. Rad1 Rd5 17. b3 Ra5 18. a4 Rd5 19. c4 Rd7 20. Rxd7 Kxd7
21. Rd1+ Kc8 22. Bg5 Bb4 23. Kg3 Re8 24. f4 Bd7 25. Kf3 b5 26. axb5 cxb5 27.
cxb5 Bxb5 28. Bh4 Bc6 29. Rc1 Bd5 30. Bf2 a5 31. Bc5 Kb7 32. Ke3 f6 33. Bxb4
axb4 34. Rc5 Bc6 35. Rc4 fxe5 36. Rxb4+ Kc8 37. f5 Rd8 38. Rc4 Bb5 39. Rc3 Rd1
40. Rc5 Rd3+ 41. Kf2 Bd7 42. Rxe5 Rxb3 43. Re7 Rb4 44. Ke3 Bc6 45. g5 Kd8 46.
Re6 Bd5 47. Re5 c6 48. h4 Kd7 49. h5 Rb1 50. g6 hxg6 51. hxg6 Re1+ 52. Kf4 Rf1+
53. Kg5 Rg1+ 54. Kf4 Rf1+ 55. Kg5 Rg1+ 56. Kf4 Rf1+ 1/2-1/2

[Event "FIDE Open World Blitz 2021"]
[Site "Warsaw"]
[Date "2021.12.29"]
[Round "7.4"]
[White "Wojtaszek, Radoslaw"]
[Black "Demchenko, Anton"]
[Result "1-0"]
[WhiteElo "2700"]
[BlackElo "2655"]
[Annotator "ChessBase"]
[PlyCount "97"]
[EventDate "2021.12.29"]
[EventType "swiss"]
[EventCountry "POL"]
[Tiebreak "Cut1 Buchholz"]
[SourceTitle "playchess.com"]
[Source "ChessBase"]
[SourceQuality "1"]

1. Nf3 Nf6 2. g3 g6 3. b3 Bg7 4. Bb2 d6 5. d4 b5 6. Bg2 Bb7 7. O-O O-O 8. Re1
Nbd7 9. Nbd2 c5 10. c4 bxc4 11. Nxc4 Rc8 12. Rc1 cxd4 13. Bxd4 Rc7 14. Qd2 Qb8
15. Na5 Ba8 16. Rxc7 Qxc7 17. Rc1 Qb8 18. Nc6 Bxc6 19. Rxc6 Nb6 20. Qc2 Nfd5
21. Bxg7 Kxg7 22. a3 e5 23. Nd2 Ne7 24. Rc3 d5 25. e3 Rd8 26. Rc7 Rd7 27. Rxd7
Nxd7 28. Qc3 Qd6 29. b4 Nb6 30. Nb3 Nc4 31. Nc5 a5 32. Nb7 axb4 33. axb4 Qa6
34. Na5 Qb5 35. Bf1 Nc6 36. Nxc6 Qxc6 37. e4 Qd6 38. Bxc4 dxc4 39. Qxc4 h5 40.
h4 Qd1+ 41. Kg2 Qb1 42. b5 f6 43. Qd5 Qb4 44. Qc6 f5 45. b6 fxe4 46. b7 Qb3 47.
Qxe4 Kh7 48. Qf3 Kg7 49. Qxb3 1-0

[Event "FIDE Open World Blitz 2021"]
[Site "Warsaw"]
[Date "2021.12.29"]
[Round "7.5"]
[White "Jobava, Baadur"]
[Black "Sargsyan, Shant"]
[Result "1-0"]
[WhiteElo "2582"]
[BlackElo "2628"]
[Annotator "ChessBase"]
[PlyCount "137"]
[EventDate "2021.12.29"]
[EventType "swiss"]
[EventCountry "POL"]
[Tiebreak "Cut1 Buchholz"]
[SourceTitle "playchess.com"]
[Source "ChessBase"]
[SourceQuality "1"]

1. e4 e5 2. Nf3 Nc6 3. Bc4 Nf6 4. d3 Bc5 5. c3 d6 6. b4 Bb6 7. O-O h6 8. Nbd2
O-O 9. Bb3 Ne7 10. Nc4 Ng6 11. a4 c6 12. Nxb6 axb6 13. Re1 Nh5 14. d4 Bg4 15.
h3 Bxf3 16. Qxf3 Nhf4 17. g3 Nxh3+ 18. Kg2 Nhf4+ 19. Kg1 Qg5 20. Bd1 f5 21. Kf1
fxe4 22. Qxe4 d5 23. gxf4 Nxf4 24. Qh1 e4 25. Be3 Qf6 26. Bg4 Nd3 27. Re2 Rf7
28. Bh5 Re7 29. Qg2 Rf8 30. Qg4 Qd6 31. Qh3 Re6 32. Kg1 Ref6 33. Rf1 g5 34. Kh1
Nf4 35. Bxf4 Rxf4 36. Bg4 Kg7 37. Kg2 Qg6 38. Bh5 Qd6 39. Qg3 Qd7 40. Rh1 R8f6
41. Rd2 Qd6 42. Bd1 Qd7 43. Rh2 Qd6 44. Kg1 Qd7 45. a5 bxa5 46. bxa5 Qc7 47.
Rb2 Rf7 48. Qh3 R4f6 49. Rb6 Qf4 50. Rb1 Qd2 51. Qe3 Qa2 52. Rc1 Qxa5 53. Bh5
Re7 54. Rg2 Ree6 55. Bg4 Re7 56. Be2 Qc7 57. c4 Qd6 58. c5 Qc7 59. Rb1 Ref7 60.
Bh5 Re7 61. Rxg5+ hxg5 62. Qxg5+ Kh7 63. Qxf6 Rg7+ 64. Kf1 Qh2 65. Qf5+ Kh6 66.
Qf6+ Kxh5 67. Qxg7 Qh3+ 68. Kg1 Qd3 69. Qh7+ 1-0

[Event "FIDE Open World Blitz 2021"]
[Site "Warsaw"]
[Date "2021.12.29"]
[Round "7.5"]
[White "Socko, Bartosz"]
[Black "Sindarov, Javokhir"]
[Result "0-1"]
[WhiteElo "2571"]
[BlackElo "2587"]
[Annotator "ChessBase"]
[PlyCount "80"]
[EventDate "2021.12.29"]
[EventType "swiss"]
[EventCountry "POL"]
[Tiebreak "Cut1 Buchholz"]
[SourceTitle "playchess.com"]
[Source "ChessBase"]
[SourceQuality "1"]

1. d4 Nf6 2. c4 c5 3. d5 g6 4. Nc3 Bg7 5. Nf3 O-O 6. g3 d6 7. Bg2 a6 8. a4 e6
9. O-O exd5 10. cxd5 Re8 11. Re1 Bg4 12. Bf4 Bxf3 13. Bxf3 Qc7 14. Qc2 Nbd7 15.
Bg2 Ne5 16. e4 c4 17. Bxe5 Rxe5 18. f4 Ree8 19. Kh1 Nd7 20. Rad1 Nc5 21. Re2
Rad8 22. h4 Qd7 23. Kh2 b5 24. axb5 axb5 25. Nb1 Ra8 26. Nc3 Nd3 27. Rxd3 cxd3
28. Qxd3 b4 29. Nb5 Rac8 30. Nd4 Bxd4 31. Qxd4 Qb5 32. Bf3 Qc4 33. Qf6 Qd3 34.
Kg2 Rc1 35. h5 Qd1 36. Kh3 Qf1+ 37. Kg4 gxh5+ 38. Kg5 Qxf3 39. Rd2 Qxg3+ 40.
Kh6 Qg6+ 0-1

[Event "FIDE Open World Blitz 2021"]
[Site "Warsaw"]
[Date "2021.12.29"]
[Round "7.6"]
[White "Vidit, Santosh Gujrathi"]
[Black "Duda, Jan-Krzysztof"]
[Result "0-1"]
[WhiteElo "2727"]
[BlackElo "2756"]
[Annotator "ChessBase"]
[PlyCount "107"]
[EventDate "2021.12.29"]
[EventType "swiss"]
[EventCountry "POL"]
[Tiebreak "Cut1 Buchholz"]
[SourceTitle "playchess.com"]
[Source "ChessBase"]
[SourceQuality "1"]

1. d4 Nf6 2. c4 g6 3. g3 c5 4. dxc5 Qa5+ 5. Nc3 Qxc5 6. Qa4 Qc6 7. Nf3 Bg7 8.
Bg2 Qxa4 9. Nxa4 d5 10. cxd5 Nxd5 11. O-O Nc6 12. Rd1 Nb6 13. Nc5 O-O 14. a4
Nc4 15. Nd3 Bf5 16. Nh4 Bxd3 17. exd3 Rfd8 18. Rb1 Rac8 19. Nf3 Nb6 20. b3 Nd5
21. Bd2 Ncb4 22. Bf1 Nc3 23. Bxc3 Rxc3 24. Rd2 Bf6 25. Kg2 a5 26. d4 Nc6 27. d5
Nb4 28. Bc4 Rd6 29. Rbd1 Kg7 30. h4 Na6 31. Rd3 Rxd3 32. Rxd3 Nc5 33. Re3 h5
34. Re2 Kf8 35. Nd2 Rb6 36. Ne4 Bd4 37. Nxc5 Bxc5 38. f4 Rd6 39. Kf3 Ke8 40. g4
hxg4+ 41. Kxg4 Rf6 42. Re4 Kf8 43. h5 gxh5+ 44. Kxh5 Rg6 45. Kh4 Bd6 46. f5 Rg1
47. Rg4 Rh1+ 48. Kg5 f6+ 49. Kg6 Kg8 50. Bb5 Kf8 51. Bd7 Bc5 52. Rg3 Bd4 53.
Be6 Bb2 54. Rg4 0-1

[Event "FIDE Open World Blitz 2021"]
[Site "Warsaw"]
[Date "2021.12.29"]
[Round "7.6"]
[White "Alekseenko, Kirill"]
[Black "Shoker, Samy"]
[Result "1-0"]
[WhiteElo "2710"]
[BlackElo "2504"]
[Annotator "ChessBase"]
[PlyCount "65"]
[EventDate "2021.12.29"]
[EventType "swiss"]
[EventCountry "POL"]
[Tiebreak "Cut1 Buchholz"]
[SourceTitle "playchess.com"]
[Source "ChessBase"]
[SourceQuality "1"]

1. e4 g6 2. d4 Bg7 3. Nc3 d6 4. f4 a6 5. Nf3 b5 6. Bd3 Nd7 7. a4 b4 8. Ne2 Bb7
9. Ng3 c5 10. c3 Ngf6 11. O-O O-O 12. e5 Nd5 13. Bd2 Rc8 14. Kh1 c4 15. Be4 a5
16. e6 fxe6 17. Ng5 Rf6 18. Qg4 Nf8 19. Rae1 Qd7 20. Qh3 h6 21. Nf3 Nxf4 22.
Qg4 Nd3 23. Re2 d5 24. Bxd3 cxd3 25. Re5 Qxa4 26. Qh4 g5 27. Bxg5 hxg5 28. Rxg5
d2 29. Qg4 Rg6 30. Rxg6 Nxg6 31. Qxe6+ Kh8 32. Ng5 Bf6 33. Qh3+ 1-0

[Event "FIDE Open World Blitz 2021"]
[Site "Warsaw"]
[Date "2021.12.29"]
[Round "7.7"]
[White "Amin, Bassem"]
[Black "Nepomniachtchi, Ian"]
[Result "1/2-1/2"]
[WhiteElo "2617"]
[BlackElo "2782"]
[Annotator "TA"]
[PlyCount "39"]
[EventDate "2021.12.29"]
[EventType "swiss"]
[EventCountry "POL"]
[Tiebreak "Cut1 Buchholz"]
[SourceTitle "playchess.com"]
[Source "ChessBase"]
[SourceQuality "1"]

1. Nf3 d5 2. g3 g6 3. Bg2 Bg7 4. d4 Nf6 5. O-O O-O 6. c4 dxc4 7. Na3 c5 8. dxc5
c3 9. Nb5 Na6 10. Nxc3 Nxc5 11. Be3 Nce4 12. Nxe4 Nxe4 13. Bd4 Be6 14. Bxg7
Kxg7 15. Qd4+ Nf6 16. Rfd1 Qa5 17. Qe5 Qxe5 18. Nxe5 Rfd8 19. a3 Bd5 20. Bxd5
1/2-1/2

[Event "FIDE Open World Blitz 2021"]
[Site "Warsaw"]
[Date "2021.12.29"]
[Round "7.7"]
[White "Petrosyan, Manuel"]
[Black "Kovalev, Vladislav"]
[Result "1-0"]
[WhiteElo "2599"]
[BlackElo "2634"]
[Annotator "ChessBase"]
[PlyCount "60"]
[EventDate "2021.12.29"]
[EventType "swiss"]
[EventCountry "POL"]
[Tiebreak "Cut1 Buchholz"]
[SourceTitle "playchess.com"]
[Source "ChessBase"]
[SourceQuality "1"]

1. d4 Nf6 2. c4 g6 3. g3 Bg7 4. Bg2 d6 5. Nc3 O-O 6. Nf3 Nc6 7. O-O e5 8. dxe5
Nxe5 9. b3 Nxf3+ 10. exf3 Bd7 11. f4 Bc6 12. Bxc6 bxc6 13. Bb2 Qd7 14. Qf3 Rfe8
15. Rad1 c5 16. Nd5 Nxd5 17. Bxg7 Nxf4 18. Ba1 Ne2+ 19. Kg2 Qf5 20. Qxf5 gxf5
21. Rd5 Nd4 22. Bxd4 cxd4 23. Kf3 a5 24. Rd1 c5 25. Rxd6 a4 26. Rd5 axb3 27.
axb3 Ra2 28. Rxc5 Ree2 29. Rxf5 Rxf2+ 30. Kg4 Rfb2 1-0

[Event "FIDE Open World Blitz 2021"]
[Site "Warsaw"]
[Date "2021.12.29"]
[Round "7.8"]
[White "Erigaisi Arjun"]
[Black "Movsesian, Sergei"]
[Result "1/2-1/2"]
[WhiteElo "2627"]
[BlackElo "2615"]
[Annotator "ChessBase"]
[PlyCount "63"]
[EventDate "2021.12.29"]
[EventType "swiss"]
[EventCountry "POL"]
[Tiebreak "Cut1 Buchholz"]
[SourceTitle "playchess.com"]
[Source "ChessBase"]
[SourceQuality "1"]

1. e4 Nf6 2. e5 Nd5 3. Nf3 d6 4. d4 dxe5 5. Nxe5 c6 6. Bc4 Nd7 7. Nf3 N7b6 8.
Bb3 Bg4 9. O-O e6 10. Re1 Be7 11. Nbd2 O-O 12. Nf1 a5 13. a3 a4 14. Ba2 Nf6 15.
Be3 Nbd5 16. Bg5 h6 17. Bh4 Qb6 18. c4 Nf4 19. Bg3 Ng6 20. Qc2 Bxf3 21. c5 Qd8
22. gxf3 Qxd4 23. Bxe6 Nh4 24. Bxh4 Qxh4 25. Ba2 Qg5+ 26. Ng3 Qxc5 27. Qg6 Nd5
28. Qg4 Nf6 29. Qg6 Nd5 30. Qg4 Nf6 31. Qg6 Nd5 32. Qg4 1/2-1/2

[Event "FIDE Open World Blitz 2021"]
[Site "Warsaw"]
[Date "2021.12.29"]
[Round "7.8"]
[White "Bluebaum, Matthias"]
[Black "Van Foreest, Lucas"]
[Result "1-0"]
[WhiteElo "2609"]
[BlackElo "2532"]
[Annotator "ChessBase"]
[PlyCount "53"]
[EventDate "2021.12.29"]
[EventType "swiss"]
[EventCountry "POL"]
[Tiebreak "Cut1 Buchholz"]
[SourceTitle "playchess.com"]
[Source "ChessBase"]
[SourceQuality "1"]

1. d4 Nf6 2. c4 e6 3. Nc3 d5 4. cxd5 exd5 5. Bg5 c6 6. e3 Be7 7. Bd3 O-O 8. h3
Re8 9. Qc2 h6 10. Bf4 a5 11. a3 Na6 12. Nf3 Nc7 13. O-O Ne6 14. Bh2 b5 15. Ne5
Qb6 16. Rfc1 Ba6 17. Bf5 Bf8 18. Bg3 c5 19. Nxd5 Qd8 20. Nxf6+ gxf6 21. Bh7+
Kg7 22. Nxf7 Kxf7 23. Qg6+ Ke7 24. dxc5 Qc8 25. Bd6+ Kd7 26. Qf7+ Kc6 27. Be4#
1-0

[Event "FIDE Open World Blitz 2021"]
[Site "Warsaw"]
[Date "2021.12.29"]
[Round "7.9"]
[White "Oparin, Grigoriy"]
[Black "Dubov, Daniil"]
[Result "0-1"]
[WhiteElo "2580"]
[BlackElo "2714"]
[Annotator "ChessBase"]
[PlyCount "94"]
[EventDate "2021.12.29"]
[EventType "swiss"]
[EventCountry "POL"]
[Tiebreak "Cut1 Buchholz"]
[SourceTitle "playchess.com"]
[Source "ChessBase"]
[SourceQuality "1"]

1. d4 d5 2. c4 c6 3. Nf3 Nf6 4. g3 g6 5. Bg2 Bg7 6. Nbd2 O-O 7. b3 Ne4 8. Bb2
Bf5 9. O-O Nxd2 10. Qxd2 Be4 11. Rfc1 e6 12. e3 Nd7 13. Qe2 Re8 14. Bh3 dxc4
15. bxc4 c5 16. Rd1 Rc8 17. Nd2 Bc6 18. Nb3 cxd4 19. exd4 b6 20. Rac1 Bb7 21.
Bg2 Bxg2 22. Kxg2 Rc7 23. Ba3 Qc8 24. Qd3 Qa6 25. Bd6 Rc6 26. c5 Qxd3 27. Rxd3
Rec8 28. Re1 Bf8 29. d5 exd5 30. Rxd5 Nxc5 31. Bxc5 Bxc5 32. Re2 Bf8 33. Rd7
R6c7 34. Red2 Rxd7 35. Rxd7 a5 36. Rb7 a4 37. Nd4 Rc4 38. Nf3 Bc5 39. Ne5 Rc2
40. Kh3 Rxf2 41. Ng4 Rxa2 42. Nh6+ Kf8 43. Rxf7+ Ke8 44. Rxh7 a3 45. Ra7 b5 46.
Ra5 Rb2 47. Ng4 Bd4 0-1

[Event "FIDE Open World Blitz 2021"]
[Site "Warsaw"]
[Date "2021.12.29"]
[Round "7.9"]
[White "Klekowski, Maciej"]
[Black "Efimenko, Zahar"]
[Result "1/2-1/2"]
[WhiteElo "2499"]
[BlackElo "2601"]
[Annotator "ChessBase"]
[PlyCount "110"]
[EventDate "2021.12.29"]
[EventType "swiss"]
[EventCountry "POL"]
[Tiebreak "Cut1 Buchholz"]
[SourceTitle "playchess.com"]
[Source "ChessBase"]
[SourceQuality "1"]

1. c4 e5 2. g3 d6 3. Bg2 f5 4. Nc3 Nf6 5. d3 Be7 6. Bg5 c6 7. e3 O-O 8. Nge2
Nbd7 9. b4 h6 10. Bxf6 Nxf6 11. b5 d5 12. cxd5 cxd5 13. O-O Be6 14. a4 Qd7 15.
Qd2 Rac8 16. Qb2 Rc7 17. Nb1 Bd6 18. Nd2 e4 19. dxe4 dxe4 20. Rfd1 Qe7 21. Nb3
Bc4 22. Nbd4 Ng4 23. Rac1 Ne5 24. Rc2 g6 25. Nf4 Kh7 26. b6 axb6 27. Qxb6 Bc5
28. Qb2 Rfc8 29. Nde6 Bxe6 30. Qxe5 Bb3 31. Rxc5 Qxc5 32. Qxc5 Rxc5 33. Rd7+
Kg8 34. h4 R5c7 35. Rd4 Kf7 36. Rb4 Be6 37. Bf1 g5 38. hxg5 hxg5 39. Ne2 Kf6
40. Nd4 Bd7 41. Rb6+ Ke5 42. Bb5 Rc1+ 43. Kg2 Bxb5 44. Rxb5+ R8c5 45. Rxb7 Ra1
46. Rf7 Kd6 47. Rf6+ Ke7 48. Re6+ Kf7 49. Ra6 g4 50. Ra7+ Kf6 51. Ra6+ Kf7 52.
Ra7+ Kf6 53. Ra6+ Kf7 54. Ra7+ Kf6 55. Ra6+ Ke5 1/2-1/2

[Event "FIDE Open World Blitz 2021"]
[Site "Warsaw"]
[Date "2021.12.29"]
[Round "7.10"]
[White "Christiansen, Johan-Sebastian"]
[Black "Yuffa, Daniil"]
[Result "1-0"]
[WhiteElo "2593"]
[BlackElo "2567"]
[Annotator "ChessBase"]
[PlyCount "109"]
[EventDate "2021.12.29"]
[EventType "swiss"]
[EventCountry "POL"]
[Tiebreak "Cut1 Buchholz"]
[SourceTitle "playchess.com"]
[Source "ChessBase"]
[SourceQuality "1"]

1. c4 g6 2. g3 Bg7 3. Bg2 Nf6 4. Nf3 O-O 5. d4 d6 6. O-O Bf5 7. Nc3 Ne4 8. Qb3
Nxc3 9. bxc3 Be4 10. Bh3 b6 11. Nd2 Bb7 12. Qc2 c5 13. d5 Nd7 14. a4 Bc8 15.
Bg2 Rb8 16. Rb1 Nf6 17. e4 Bd7 18. Re1 e5 19. Ra1 Nh5 20. Qd1 Qe8 21. Bf3 Nf6
22. a5 b5 23. cxb5 Bxb5 24. Be2 a6 25. Qc2 Bxe2 26. Rxe2 Qb5 27. Re1 Nd7 28.
Ra4 f5 29. Nc4 fxe4 30. Nxd6 Qd3 31. Qa2 Nf6 32. Bg5 Qxd5 33. Qxd5+ Nxd5 34.
Nxe4 h6 35. Be3 Nxe3 36. Rxe3 Rb5 37. Rd3 Rf7 38. Rd6 Bf8 39. Rxg6+ Kh7 40.
Rxa6 Rb1+ 41. Kg2 Re1 42. Re6 c4 43. Rxc4 Ra1 44. a6 Ra7 45. Rcc6 Bg7 46. h4
Ra4 47. c4 Ra2 48. Nf6+ Kg6 49. Ne8+ Kh7 50. Nxg7 Kxg7 51. Rg6+ Kh7 52. Rxh6+
Kg7 53. Rcg6+ Kf8 54. Rh8+ Kf7 55. Rh7+ 1-0

[Event "FIDE Open World Blitz 2021"]
[Site "Warsaw"]
[Date "2021.12.29"]
[Round "7.10"]
[White "Muradli, Mahammad"]
[Black "Aronian, Levon"]
[Result "0-1"]
[WhiteElo "2571"]
[BlackElo "2782"]
[Annotator "TA"]
[PlyCount "96"]
[EventDate "2021.12.29"]
[EventType "swiss"]
[EventCountry "POL"]
[Tiebreak "Cut1 Buchholz"]
[SourceTitle "playchess.com"]
[Source "ChessBase"]
[SourceQuality "1"]

1. c4 Nf6 2. Nc3 e6 3. e4 d5 4. cxd5 exd5 5. e5 d4 6. exf6 dxc3 7. Bb5+ Nc6 8.
dxc3 Qxd1+ 9. Kxd1 gxf6 10. Bf4 Bg4+ 11. Nf3 O-O-O+ 12. Kc1 Bc5 13. Bg3 h5 14.
h4 Ne7 15. Kc2 Nf5 16. Bd3 Nxg3 17. fxg3 Bf2 18. Nh2 Be6 19. Raf1 Bxg3 20. Nf3
Bxa2 21. Bf5+ Be6 22. Nd4 Bxf5+ 23. Nxf5 Be5 24. Rhg1 b6 25. g4 hxg4 26. Rxg4
Kb7 27. Rg7 Rd7 28. Rgg1 Rh5 29. Rh1 Rd8 30. Rf3 a5 31. Ng7 Rh7 32. Nf5 Rdh8
33. Rd1 Rg8 34. Rd7 Rh5 35. Rxf7 a4 36. Kb1 Rg2 37. Rd7 b5 38. Rd5 Kb6 39. Rd8
Rh7 40. Rd1 c6 41. Rh1 Ra7 42. h5 a3 43. bxa3 Rxa3 44. h6 Rb3+ 45. Kc1 Ra3 46.
Kb1 b4 47. h7 bxc3 48. Ne3 Rb2+ 0-1

[Event "FIDE Open World Blitz 2021"]
[Site "Warsaw"]
[Date "2021.12.29"]
[Round "7.11"]
[White "Mamedov, Rauf"]
[Black "Ivic, Velimir"]
[Result "0-1"]
[WhiteElo "2673"]
[BlackElo "2575"]
[Annotator "ChessBase"]
[PlyCount "92"]
[EventDate "2021.12.29"]
[EventType "swiss"]
[EventCountry "POL"]
[Tiebreak "Cut1 Buchholz"]
[SourceTitle "playchess.com"]
[Source "ChessBase"]
[SourceQuality "1"]

1. e4 c5 2. Nf3 d6 3. Nc3 a6 4. g3 Nf6 5. e5 dxe5 6. Nxe5 Qd6 7. Nf3 Nc6 8. Bg2
g6 9. O-O Bg7 10. d3 O-O 11. Re1 e5 12. Be3 Nd4 13. h3 Re8 14. Nd2 Rb8 15. Nde4
Nxe4 16. Nxe4 Qc7 17. Bg5 Re6 18. c3 Nf5 19. a4 b6 20. a5 b5 21. b4 h6 22. Bd2
cxb4 23. cxb4 Qd8 24. Nc5 Re7 25. Bc3 h5 26. Rc1 h4 27. g4 Nd4 28. Bd2 Ne6 29.
Be3 Nxc5 30. Rxc5 Bb7 31. Bxb7 Rexb7 32. Rc6 Rd7 33. Rxa6 Rxd3 34. Qf3 Qe8 35.
Rb6 Rc8 36. Qe4 Rb3 37. a6 Rc4 38. Qd5 Ra3 39. Rxg6 Kh7 40. Rg5 Rxb4 41. a7
Rba4 42. Rc1 Ra1 43. Rxa1 Rxa1+ 44. Kg2 b4 45. Rf5 Kg6 46. Qc6+ Qxc6+ 0-1

[Event "FIDE Open World Blitz 2021"]
[Site "Warsaw"]
[Date "2021.12.29"]
[Round "7.11"]
[White "Mikhalevski, Victor"]
[Black "Parligras, Mircea-Emilian"]
[Result "1-0"]
[WhiteElo "2577"]
[BlackElo "2576"]
[Annotator "ChessBase"]
[PlyCount "125"]
[EventDate "2021.12.29"]
[EventType "swiss"]
[EventCountry "POL"]
[Tiebreak "Cut1 Buchholz"]
[SourceTitle "playchess.com"]
[Source "ChessBase"]
[SourceQuality "1"]

1. d4 Nf6 2. c4 e6 3. g3 c5 4. d5 exd5 5. cxd5 d6 6. Nc3 g6 7. Bg2 Bg7 8. Nf3
O-O 9. O-O Re8 10. a4 Ne4 11. Nxe4 Rxe4 12. Nd2 Rb4 13. Qc2 Nd7 14. Ra2 a5 15.
Ne4 Ne5 16. Bg5 f6 17. Bd2 b5 18. axb5 Rxb5 19. Rfa1 Bf5 20. Qa4 Rab8 21. Bxa5
Qe7 22. Bc3 Bxe4 23. Bxe4 f5 24. Bg2 Ng4 25. Qc2 h5 26. Ra7 R5b7 27. Rxb7 Qxb7
28. h3 Ne5 29. e4 Qf7 30. f4 Nd7 31. Ra7 Bxc3 32. bxc3 Qe8 33. Qa4 Nf6 34.
Qxe8+ Rxe8 35. exf5 gxf5 36. Ra6 Re3 37. Rxd6 Kf7 38. Kf2 Rxc3 39. Bf3 Rc2+ 40.
Ke1 Rc3 41. Ke2 Ne4 42. Bxh5+ Ke7 43. Re6+ Kd7 44. Be8+ Kd8 45. g4 Rxh3 46. g5
c4 47. g6 Rg3 48. Bc6 c3 49. d6 Nxd6 50. Rxd6+ Kc7 51. Re6 Rg4 52. Bd5 Rxf4 53.
Rf6 Rg4 54. Kd3 Rg3+ 55. Kc2 f4 56. Be4 Rg4 57. Kxc3 Kd7 58. Kd4 Ke7 59. Ke5
Rg5+ 60. Bf5 f3 61. Rf7+ Ke8 62. Kd4 f2 63. Be4 1-0

[Event "FIDE Open World Blitz 2021"]
[Site "Warsaw"]
[Date "2021.12.29"]
[Round "7.12"]
[White "Sarana, Alexey"]
[Black "Kadric, Denis"]
[Result "1/2-1/2"]
[WhiteElo "2656"]
[BlackElo "2566"]
[Annotator "ChessBase"]
[PlyCount "91"]
[EventDate "2021.12.29"]
[EventType "swiss"]
[EventCountry "POL"]
[Tiebreak "Cut1 Buchholz"]
[SourceTitle "playchess.com"]
[Source "ChessBase"]
[SourceQuality "1"]

1. d4 Nf6 2. c4 d6 3. Nc3 e5 4. Nf3 Nbd7 5. e4 g6 6. Be2 Bg7 7. Be3 O-O 8. O-O
Qe7 9. d5 a5 10. Nd2 Nc5 11. a3 b6 12. b4 Nb7 13. Nb5 Qd8 14. Rc1 Nd7 15. Qc2
Bf6 16. Nf3 Be7 17. Qd2 Nf6 18. Qc2 Ng4 19. Bd2 f5 20. h3 fxe4 21. hxg4 exf3
22. Bxf3 Bd7 23. Be3 Rf7 24. Qd2 Qc8 25. g5 Qd8 26. Be4 Bf5 27. f3 Qd7 28. Qd3
Raf8 29. Rc2 Qd8 30. Bxf5 Rxf5 31. Qd2 R8f7 32. Nc3 Bxg5 33. Ne4 Bxe3+ 34. Qxe3
Qh4 35. g3 Qe7 36. Rh2 h5 37. Qh6 Rg7 38. g4 Rf4 39. Ng5 Nd8 40. Kh1 Nf7 41.
Nxf7 Qxf7 42. gxh5 Rxf3 43. Rg1 Rf1 44. Rhg2 Rxg1+ 45. Rxg1 gxh5 46. Rxg7+
1/2-1/2

[Event "FIDE Open World Blitz 2021"]
[Site "Warsaw"]
[Date "2021.12.29"]
[Round "7.12"]
[White "Samunenkov, Ihor"]
[Black "Narayanan.S.L"]
[Result "1/2-1/2"]
[WhiteElo "2348"]
[BlackElo "2570"]
[Annotator "ChessBase"]
[PlyCount "178"]
[EventDate "2021.12.29"]
[EventType "swiss"]
[EventCountry "POL"]
[Tiebreak "Cut1 Buchholz"]
[SourceTitle "playchess.com"]
[Source "ChessBase"]
[SourceQuality "1"]

1. d4 Nf6 2. g3 c5 3. d5 e6 4. Nc3 exd5 5. Nxd5 Nxd5 6. Qxd5 d6 7. Nh3 Be7 8.
Nf4 Bd7 9. Qd1 Bc6 10. Nd5 O-O 11. Bg2 Nd7 12. Bf4 Ne5 13. O-O Re8 14. c3 Bf8
15. Qc2 Ng6 16. Be3 Qd7 17. Rad1 Rad8 18. h4 Ne5 19. Bg5 Rb8 20. e4 h6 21. Bf4
Kh8 22. b3 b5 23. Rfe1 a5 24. Ne3 Qb7 25. Nf5 Rbd8 26. c4 bxc4 27. bxc4 Qb4 28.
Bxe5 dxe5 29. Rb1 Qd2 30. Re2 Qxc2 31. Rxc2 g6 32. Ne3 Rd4 33. Nd5 f5 34. exf5
gxf5 35. Rb6 Ba4 36. Rc3 Bg7 37. Bf3 f4 38. gxf4 exf4 39. Rc1 Bd7 40. Kh1 Rd3
41. Bh5 Rf8 42. Rg1 Rh3+ 43. Kg2 Rxh4 44. Rh1 f3+ 45. Kg1 Rxh1+ 46. Kxh1 a4 47.
Ne7 Bf5 48. Nxf5 Rxf5 49. Bg6 Rf8 50. Ra6 Bd4 51. Kg1 Kg7 52. Be4 Rf4 53. Bd5
h5 54. Ra7+ Kg6 55. Rxa4 Rg4+ 56. Kh1 Rh4+ 57. Kg1 Rg4+ 58. Kh1 Bxf2 59. Bxf3
Rg3 60. Bd5 Kg5 61. Ra8 Kh4 62. Rf8 Be3 63. Kh2 Rh3+ 64. Kg2 Rg3+ 65. Kf1 Bd4
66. Rf3 Rg1+ 67. Ke2 Ra1 68. a3 Kg5 69. Be6 h4 70. Rf5+ Kg6 71. Rf3 Ra2+ 72.
Kf1 Kg5 73. Rf5+ Kg6 74. Rf4 Kg5 75. Rf5+ Kg6 76. Rf4 Bf6 77. Rf3 Be5 78. Rf5
Bg3 79. Rf3 Kg5 80. Rf5+ Kh6 81. Rxc5 Rf2+ 82. Kg1 Rf6 83. Rc6 h3 84. Bd5 h2+
85. Kg2 Rxc6 86. Bxc6 Bc7 87. a4 Kg6 88. a5 Bxa5 89. Kxh2 Kf6 1/2-1/2